| 000 | 00929nam a2200289 a 4500 | ||
|---|---|---|---|
| 001 | 632628 | ||
| 003 | OSt | ||
| 005 | 20230531165323.0 | ||
| 008 | 971009s1992 ke b b 000 0 eng | ||
| 010 | _a 92981818 | ||
| 020 | _a996646963X | ||
| 040 |
_aDLC _cDLC |
||
| 042 | _alcode | ||
| 043 | _af-ke--- | ||
| 082 | 0 | 0 |
_a330.96762/042 _221 |
| 100 | _cW.R Ochieng' and R.M Maxon | ||
| 245 | 0 | 3 |
_aAn economic history of Kenya / _cedited by W.R. Ochieng' and R.M. Maxon. |
| 260 |
_aNairobi, Kenya : _bEast African Educational Publishers, _c1992. |
||
| 300 |
_axvi, 460 p. : _b2 maps ; _c21 cm. |
||
| 504 | _aIncludes bibliographical references. | ||
| 651 | 0 |
_aKenya _xEconomic conditions. |
|
| 700 | 1 |
_aOchieng', William Robert, _d1943- |
|
| 700 | 1 | _aMaxon, Robert M. | |
| 906 |
_a7 _bcbc _corigode _d3 _encip _f19 _gy-gencatlg |
||
| 942 |
_2ddc _cBK |
||
| 999 |
_c22 _d22 |
||